[Event "Pamplona Navarro-ch"]
[Site "Pamplona"]
[Date "2015.04.18"]
[Round "2"]
[White "Zurbano Vallejo, Guillermo"]
[Black "Juanco Elizari, Felix Javier"]
[Result "0-1"]
[WhiteElo "1524"]
[BlackElo "1775"]
[PlyCount "46"]
[EventDate "2015.04.11"]
[EventType "swiss"]
[EventRounds "8"]
[EventCountry "ESP"]
[SourceTitle "EXT 2016"]
[Source "ChessBase"]
[SourceDate "2015.10.08"]
[SourceVersion "1"]
[SourceVersionDate "2015.10.08"]
[SourceQuality "1"]

1. d4 Nf6 2. Bf4 g6 3. e3 Bg7 4. Nf3 0-0 5. h3 d6 6. Bh2 c5 7. Be2 Qb6 8. Nc3 Qxb2 9. Kd2 cxd4 10. exd4 Bh6+ 11. Ng5 Bxg5+ 12. f4 Bh6 13. Rb1 Qa3 14. Rb3 Qa5 15. Rb5 Qc7 16. g4 a6 17. Rb1 Bg7 18. Qg1 Nc6 19. Bf3 e6 20. Ne2 Nd5 21. c4 Qa5+ 22. Kc1 Qa3+ 23. Kd2 Qxa2+ 0-1